000 nam a22 7a 4500
999 _c8403
_d8403
008 180116b ||||| |||| 00| 0 eng d
100 _aThomas.M.
_94809
245 _aJoy of Grammar
260 _aNew Delhi
_bAngelin
_c2008